| 000 | 00569nam a2200145 a 4500 | ||
|---|---|---|---|
| 008 | 101028s1992 ||||||||||||||||| || | | ||
| 050 | _aZLA(05)J | ||
| 100 | _aKakoma, A. K | ||
| 245 | 1 | 0 | _aLibrary associations: an over looked aspect in the development of libraries |
| 260 |
_aLusaka _bZambia Library Association (ZLA) _c1992 |
||
| 300 | _a4-11pp | ||
| 350 | _a0.00 | ||
| 650 | _aLIBRARIES -- ZAMBIA | ||
| 995 |
_D0.00 _FCBU-MAIN LIBRARY (Kitwe) _H1 _I0.00 _M1 _UAVAILABLE _WOct 28, 2010 _ZZambiana Collection |
||
| 999 |
_c49213 _d49213 |
||